Statistiques concernant Focus sur: Aragog - Harry Potter

Cliquez ici pour prendre le quiz!

Statistiques générales

  • Ce quiz a été pris 245 fois
  • Le résultat moyen est 4 sur 5

Statistiques - réponses

Informations recherchéesRéponses% Correct
MaîtreRubeus Hagrid
99%
Première mentionHarry Potter et la Chambre des Secrets
97%
Lieu de rencontre avec Harry PotterForet interdite
95%
EspèceAcromentule
67%
"Épouse"Mosag
23%

Distribution des résultats

Percentile par nombre de réponses

% des personnes avec chaque résultat

Votre développement - résultats

Vous n’avez pas pris ce quiz